000 00923cam a2200229 i 4500
005 20251118102931.0
008 250721s2004 le gr 000 0 ara d
082 1 4 _a210.4281101
_bق ي م
100 1 _aابن قيم الجوزية
_eمؤلف.
245 1 0 _aروضة المحبين ونزهة المشتاقين /
_cلابن قيم الجوزية ؛ إعداد وفهرسة مكتب التحقيق.
250 _aالطبعة الأولى.
264 3 1 _aعمان :
_bدار البشير،
_c2004.
264 3 1 _aبيروت :
_bمؤسسة الرسالة للطباعة والنشر والتوزيع،
_c2004.
300 _a480 صفحة.
650 1 7 _aالحب(عواطف).
650 1 7 _aالشعر العربي.
650 1 7 _aالإسلام.
650 1 7 _aشعر الغزل.
710 2 _aمؤسسة الرسالة.
_bمكتب التحقيق
_eمعد.
942 _2ddc
_cBK
999 _c106015
_d106015